Seguridad jurd̕ica y crisis del mundo posmoderno

Bibliographic Details
Main Author: Dip, Ricardo
Format: eBook
Language:Spanish
Published: Madrid: Marcial Pons, 2016
Subjects:
Online Access:Acceso restringido

MARC

LEADER 00000nam a22000007a 4500
005 20200312233417.0
007 cr|||| ||||
008 200312s2016 es |||||s|||| 00||0 spa d
020 |a 978-84-9123-814-0 
035 |a 31319 
040 |a vLex 
090 |c 10257  |d 10257 
100 1 |a Dip, Ricardo 
245 1 0 |a Seguridad jurd̕ica y crisis del mundo posmoderno  |h [Recurso electrn̤ico] /  |c Ricardo Dip 
256 |a Servicio en ln̕ea 
260 |a Madrid:  |b Marcial Pons,  |c 2016 
300 |a 1 recurso electrn̤ico 
506 1 |a Disponible solo en los productos indicados  |d vLex Global  |d vLex Global (Academic Edition, excluding Law Schools)  |d vLex Global (U.S. Academic Edition, Law Schools)  |d vLex Global (U.S. Academic Edition, excluding Law Schools)  |d vLex Global (Academic Edition, Law Schools) 
650 0 4 |a Derecho Constitucional  |z Espaą 
740 0 |a vLex Libros (Servicio en ln̕ea) 
856 4 0 |u http://vlex.com/source/seguridad-juridica-crisis-mundo-posmoderno-31319  |z Acceso restringido 
942 |c BOOK 
999 0 |a Constitutional right